000
00309nam a2200109Ia 4500
008
200302s9999 xx 000 0 und d
100
_a
Rainer Barthel and Others
245
_a
Frei Otto complete works lightweight construction natural design
260
_b
Birkhauser Verlag Gmbh
260
_c
2005
300
_a
391
999
_c
6526
_d
6526